| 000 | 00381nam a2200145Ia 4500 | ||
|---|---|---|---|
| 008 | 150201s2009 xx 000 0 und d | ||
| 082 |
_a617.6342 _bE2009T |
||
| 100 | _aTORABINEJED | ||
| 245 | _aENDODONTICS PRINCIPLES & PRACTICE | ||
| 250 | _a4TH | ||
| 260 |
_bSAUNDERS _aPHILADELPHIA _c2009 |
||
| 300 | _a1-474 | ||
| 650 | _aCONSERVATIVE DENTISTRY & ENDODONTICS | ||
| 942 |
_2ddc _cBK |
||
| 999 |
_c4227 _d4227 |
||